| 000 | 00907nam a2200253 i 4500 | ||
|---|---|---|---|
| 001 | bg | ||
| 100 | 1 | _aZARZECKI, Dariusz | |
| 245 | 1 | 0 |
_aTeoria i praktyka metod dochodowych w wycenie przedsiębiorstw / _cDariusz Zarzecki. |
| 260 |
_aSzczecin : _bWydaw. Naukowe US, _c1998. |
||
| 300 |
_a309 s. : _bwykr. ; _c24 cm. |
||
| 490 | 1 |
_aRozprawy i Studia / Uniwersytet Szczeciński, _x0860-2751 ; _vt. 302 |
|
| 500 | _aStreszcz. ang. | ||
| 500 | _aNa s. tyt. także t. 376 oznaczający nr kolejny serii Rozprawy i Studia do nr 74 wydawanej przez WSP w Szczecinie. | ||
| 504 | _aBibliogr. s. 291-303. | ||
| 650 | 9 |
_aPrzedsiębiorstwo _xwycena _xmetody |
|
| 830 | 0 |
_aRozprawy i Studia (Uniwersytet Szczeciński) ; _vt. 302 |
|
| 020 | _a8372410054 | ||
| 040 | _cBPK | ||
| 041 | 0 |
_apl _ben |
|
| 080 | _a334.72.003.12 | ||
| 920 | _a83-7241-005-4 | ||
| 942 | _cKS | ||
| 008 | s pl f |000 0 pol | ||
| 999 |
_c39059 _d39059 |
||
| 856 |
_uhttp://koha.tu.koszalin.pl/cgi-bin/koha/opac-detail.pl?biblionumber=39059 _yKatalog online BPK |
||